La carta de Punta del Este y la alianza para el progreso
محفوظ في:
| المؤلف الرئيسي: | |
|---|---|
| التنسيق: | كتاب |
| اللغة: | الإسبانية |
| منشور في: |
Santiago
Jurídica
1966
Santiago Universidad de Chile 1966 |
| سلاسل: | Seminario de Derecho Público, 21
|
| الموضوعات: | |
| الوسوم: |
إضافة وسم
لا توجد وسوم, كن أول من يضع وسما على هذه التسجيلة!
|
MARC
| LEADER | 00000nam a2200000 a 4500 | ||
|---|---|---|---|
| 001 | UCT9199 | ||
| 003 | CL-VaPUC | ||
| 008 | 970404e19660000cl |||||||||||||||||spa|d | ||
| 082 | 0 | 4 | |a 341.7 |b ORT |2 21 |
| 100 | |a Ortega Aranda, Elena Luisa |e autora |9 381684 | ||
| 245 | 1 | 3 | |a La carta de Punta del Este y la alianza para el progreso |
| 300 | |a 106 p | ||
| 942 | |c BK | ||
| 945 | |d 19970404 00:00:00 |a cmena | ||
| 260 | |a Santiago |b Jurídica |c 1966 | ||
| 260 | |a Santiago |b Universidad de Chile |c 1966 | ||
| 650 | 0 | |a Derecho internacional |9 255637 | |
| 650 | 0 | |a Cooperación internacional |9 255447 | |
| 650 | 0 | |a Política internacional |9 255813 | |
| 650 | 0 | |a Relaciones Internacionales |9 255740 | |
| 651 | 0 | |a Estados Unidos |9 255178 | |
| 651 | 0 | |a América Latina |9 255027 | |
| 583 | |a last modification |c 20171116 04:41:39 |k Rodrigo Vera | ||
| 490 | 0 | |a Seminario de Derecho Público, 21 | |
| 999 | |c 257618 |d 257616 | ||
| 952 | |0 0 |1 0 |4 0 |6 341_700000000000000_ORT_1966_1966 |7 0 |8 A |9 281168 |a BIBDER |b BIBDER |d 2019-11-19 |i 1823965 |o 341.7 ORT 1966 1966 |p 1823965 |r 2023-01-25 |w 2019-11-19 |y BK |k DER | ||